| 000 | 01297nam a2200349Ia 4500 | ||
|---|---|---|---|
| 001 | ebr10567169 | ||
| 003 | CaPaEBR | ||
| 006 | m u | ||
| 007 | cr cn||||||||| | ||
| 008 | 970522r20011997enka s 000 0 eng d | ||
| 020 | _z0304334685 | ||
| 020 | _z0304334693 | ||
| 020 | _z9780826455987 | ||
| 020 | _z9781446265703 | ||
| 040 |
_aCaPaEBR _cCaPaEBR |
||
| 035 | _a(OCoLC)797831770 | ||
| 050 | 1 | 4 |
_aBF575.S75 _bS7728 2001eb |
| 245 | 0 | 0 |
_aStress counselling _h[electronic resource] : _ba rational emotive behaviour approach / _cAlbert Ellis ... [et al.]. |
| 246 | 3 | 0 | _aRational emotive behaviour approach |
| 260 |
_aLondon ; _aNew York : _bContinuum, _c2001, c1997. |
||
| 300 |
_avi, 200 p. : _bill. |
||
| 490 | 1 | _aStress counselling series | |
| 533 |
_aElectronic reproduction. _bPalo Alto, Calif. : _cebrary, _d2013. _nAvailable via World Wide Web. _nAccess may be limited to ebrary affiliated libraries. |
||
| 650 | 0 | _aBehavior therapy. | |
| 650 | 0 | _aCounseling. | |
| 650 | 0 | _aStress (Psychology) | |
| 655 | 7 |
_aElectronic books. _2local |
|
| 700 | 1 | _aEllis, Albert. | |
| 710 | 2 | _aebrary, Inc. | |
| 830 | 0 | _aStress counselling series. | |
| 856 | 4 | 0 |
_uhttp://site.ebrary.com/lib/rucke/Doc?id=10567169 _zAn electronic book accessible through the World Wide Web; click to view |
| 999 |
_c200594 _d200594 |
||